|
|
|
|
| LEADER |
00000nam0a2200000 4500 |
| 001 |
332060 |
| 005 |
20231102004423.0 |
| 035 |
|
|
|a (RuTPU)RU\TPU\book\357959
|
| 090 |
|
|
|a 332060
|
| 100 |
|
|
|a 20170516d1979 k y0rusy50 ca
|
| 101 |
0 |
|
|a rus
|
| 102 |
|
|
|a UA
|
| 105 |
|
|
|a a z 001zy
|
| 200 |
1 |
|
|a Тепловые методы повышения отдачи нефтяных залежей
|e [монография]
|f Э. Б. Чекалюк, К. А. Оганов
|g Академия наук Украинской ССР (АН УССР), Институт геологии и геохимии горючих ископаемых ; Государственный научно-исследовательский и проектный институт нефтяной промышленности (УкргипроНИИнефть)
|
| 210 |
|
|
|a Киев
|c Наукова думка
|d 1979
|
| 215 |
|
|
|a 208 с.
|c ил.
|
| 320 |
|
|
|a Библиогр.: с. 202-206
|
| 606 |
1 |
|
|a Нефтедобыча
|x Термический метод
|x Экономическая эффективность
|2 stltpush
|3 (RuTPU)RU\TPU\subj\45694
|9 64886
|
| 610 |
1 |
|
|a нефтяные залежи
|
| 610 |
1 |
|
|a отдача
|
| 610 |
1 |
|
|a повышение
|
| 610 |
1 |
|
|a тепловые методы
|
| 610 |
1 |
|
|a физические основы
|
| 610 |
1 |
|
|a исследования
|
| 610 |
1 |
|
|a маловязкая нефть
|
| 610 |
1 |
|
|a теплоносители
|
| 610 |
1 |
|
|a горение
|
| 610 |
1 |
|
|a оторочки
|
| 610 |
1 |
|
|a вода
|
| 610 |
1 |
|
|a растворение
|
| 610 |
1 |
|
|a монографии
|
| 675 |
|
|
|a 622.276.65
|v 4
|
| 700 |
|
1 |
|a Чекалюк
|b Э. Б.
|g Эммануил Богданович
|
| 701 |
|
1 |
|a Оганов
|b К. А.
|g Константин Александрович
|
| 712 |
0 |
2 |
|a Академия наук Украинской ССР (АН УССР)
|b Институт геологии и геохимии горючих ископаемых
|2 stltpush
|3 (RuTPU)RU\TPU\col\11474
|
| 712 |
0 |
2 |
|a Государственный научно-исследовательский и проектный институт нефтяной промышленности (УкргипроНИИнефть)
|c (Киев)
|2 stltpush
|3 (RuTPU)RU\TPU\col\18814
|
| 801 |
|
1 |
|a RU
|b 63413507
|c 20170516
|
| 801 |
|
2 |
|a RU
|b 63413507
|c 20170516
|g RCR
|
| 942 |
|
|
|c BK
|